Province affacciate sul Mar Tirreno - Statistics

Statistiche generali
  • Questo quiz è stato fatto 49 volte
  • Il punteggio medio è 18 su 19
Statistiche sulle risposte
Regione Provincia % Corretto
Campania Città metropolitana di Napoli
97%
Lazio Città metropolitana di Roma
97%
Calabria Provincia di Catanzaro
97%
Calabria Provincia di Cosenza
97%
Toscana Provincia di Livorno
97%
Basilicata Provincia di Potenza
97%
Sicilia Città metropolitana di Messina
95%
Sicilia Città metropolitana di Palermo
95%
Lazio Provincia di Latina
95%
Campania Provincia di Salerno
95%
Sardegna Città metropolitana di Cagliari
92%
Calabria Città metropolitana di Reggio Calabria
92%
Campania Provincia di Caserta
92%
Sicilia Provincia di Trapani
92%
Calabria Provincia di Vibo Valentia
90%
Lazio Provincia di Viterbo
90%
Toscana Provincia di Grosseto
87%
Sardegna Provincia di Nuoro
87%
Sardegna Provincia di Sassari
82%
Nessun quiz corrispondente trovato
Distribuzione punteggi
Percentuale di utenti per punteggio
Percentile per numero di risposta
I tuoi punteggi nel tempo
Non hai fatto questo quiz